Score 0/30 Timer 08:00
1 Play Today
% Correct
are
91.2%
end
90.9%
and
90.6%
ugh
90.1%
owl
89.7%
allow
88.6%
awl
88.5%
ice
87.2%
asp
87.1%
urge
87.1%
under
85.5%
once
84.9%
after
84.7%
unit
84.5%
into
84.3%
% Correct
inch
83.3%
enter
80.1%
ill
79.8%
ouch
79.5%
oil
79.4%
emit
73.7%
you
70.8%
each
69.4%
yon
68.3%
omit
66.1%
isle
62%
used
60.2%
yes
59.5%
open
57.1%
idea
55.7%
Remove Ads.
Support Sporcle.
Get the best of Sporcle when you Go Orange. This ad-free experience offers more features, more stats, and more fun while also helping to support Sporcle. Thank you for becoming a member.

You're not logged in!

Compare scores with friends on all Sporcle quizzes.
OR
Log In

Show Comments

Extras

Top Quizzes Today


Score Distribution

Your Account Isn't Verified!

In order to create a playlist on Sporcle, you need to verify the email address you used during registration. Go to your Sporcle Settings to finish the process.

Report this User

Report this user for behavior that violates our Community Guidelines.

Details: